[Event "Catalunya-chB"]
[Site "Spain"]
[Date "1996.11.17"]
[Round "7"]
[White "Heredia Tarrats, Moises"]
[Black "Serra, Francesco"]
[Result "0-1"]
[WhiteElo "2035"]
[BlackElo "1965"]
[PlyCount "53"]
[EventDate "1997.??.??"]
[EventType "swiss"]
[EventRounds "8"]
[EventCountry "ESP"]
[SourceTitle "EXT 2003"]
[Source "ChessBase"]
[SourceDate "2002.11.25"]
[SourceVersion "1"]
[SourceVersionDate "2002.11.25"]
[SourceQuality "1"]

1. e4 c5 2. Nc3 Nc6 3. g3 g6 4. Bg2 Bg7 5. d3 d6 6. Nge2 e6 7. Be3 Nge7 8. 0-0 0-0 9. f4 Nd4 10. Rb1 Nec6 11. a3 a5 12. g4 Re8 13. Ng3 Rb8 14. g5 b5 15. e5 dxe5 16. Bxc6 Nxc6 17. Bxc5 exf4 18. Rxf4 Qxg5 19. Bd6 Be5 20. Bxb8 Qxf4 21. Bxe5 Qxe5 22. Qf3 Nd4 23. Qe4 Qc5 24. Kf1 e5 25. Qd5 Qb6 26. Nge4 Bh3+ 27. Ke1 0-1